00366nam a2200133Ia 4500008004100000041001200041082001600053100001600069245006800085260004900153300000800202650000700210700001500217221030s9999 xx 000 0 und d aEnglish a105.23bGup aB. R. Gupta 0aFundamentals of Electrical Machinescby B. R. Gupta, V. Singhal bNew Age International Pub.aNew Delhic2005 a624 aEE aV. Singhal